[Event "World Rapid 2022"]
[Site "Almaty KAZ"]
[Date "2022.12.27"]
[Round "8.25"]
[White "Bluebaum, Matthias"]
[Black "Tsaruk, Maksim"]
[Result "1/2-1/2"]
[WhiteTitle "GM"]
[BlackTitle "FM"]
[WhiteElo "2657"]
[BlackElo "2373"]
[WhiteFideId "24651516"]
[BlackFideId "13511173"]
[EventDate "2022.12.26"]

1. d4 d5 2. c4 dxc4 3. e4 e5 4. Nf3 Bb4+ 5. Bd2 Bxd2+ 6. Qxd2 exd4 7. Nxd4 Ne7
8. Nc3 O-O 9. O-O-O c6 10. Bxc4 b5 11. Bb3 Na6 12. Qg5 Qc7 13. Kb1 h6 14. Qg3
Qxg3 15. hxg3 Nc5 16. Bc2 Ne6 17. Nf5 Nxf5 18. exf5 Nc5 19. Rhe1 a5 20. Rd6 Ra6
21. g4 b4 22. Ne2 Re8 23. Red1 Nb7 24. R6d2 a4 25. Nf4 a3 26. Bb3 axb2 27. Rd7
Bxd7 28. Rxd7 Nd8 29. Nd3 Rb6 30. f4 Kf8 31. Ne5 Rb7 32. Rd2 Rbe7 33. Kxb2 Nb7
34. Rc2 Na5 35. Rc5 Nxb3 36. Kxb3 Ra7 37. Rxc6 Rea8 38. f6 Ra3+ 39. Kxb4 Rxa2
40. g3 Ra1 41. Kb3 R1a6 42. fxg7+ Kxg7 43. Rxa6 Rxa6 44. Kc4 Ra3 45. Nd3 Ra2 46.
Nc5 Rd2 47. Ne4 Rd1 48. Nc3 Rd6 49. Nd5 Rg6 50. Ne3 Ra6 51. Kd4 Ra4+ 52. Ke5 Kg6
53. Nf5 f6+ 54. Kd5 Rb4 55. Nh4+ Kf7 56. Nf5 Kg6 57. Nh4+ 1/2-1/2

[Event "World Rapid 2022"]
[Site "Almaty KAZ"]
[Date "2022.12.27"]
[Round "8.26"]
[White "Ter-Sahakyan, Samvel"]
[Black "Rapport, Richard"]
[Result "0-1"]
[WhiteTitle "GM"]
[BlackTitle "GM"]
[WhiteElo "2605"]
[BlackElo "2740"]
[WhiteFideId "13302531"]
[BlackFideId "738590"]
[EventDate "2022.12.26"]

1. e4 c5 2. Nf3 d6 3. d4 cxd4 4. Nxd4 Nf6 5. Nc3 g6 6. Be3 Nc6 7. f3 h5 8. Qd2
Nxd4 9. Bxd4 Bh6 10. Be3 Bxe3 11. Qxe3 Be6 12. Bb5+ Kf8 13. Ba4 Qa5 14. O-O Rc8
15. Bb3 Qc5 16. Rfe1 Nd7 17. Rad1 Qxe3+ 18. Rxe3 Kg7 19. h4 Ne5 20. Rd2 Rc5 21.
Ne2 Bc4 22. Nd4 b5 23. Re1 Rhc8 24. c3 a5 25. a3 Rb8 26. Bc2 b4 27. axb4 axb4
28. cxb4 Rxb4 29. b3 Bd3 30. Bxd3 Rxd4 31. Red1 Rc3 32. Bc2 Rb4 33. Kf2 Nd7 34.
Rb1 Nc5 35. Bd1 Nd3+ 36. Kf1 Kf6 37. Ra2 e6 38. Rba1 Nc5 39. Rb1 Ke5 40. Ra7 f5
41. exf5 gxf5 42. g3 f4 43. gxf4+ Kxf4 44. Rh7 Ke3 45. Rxh5 Nd3 46. Rh6 Nf4 47.
Rh8 Rd4 48. h5 Rd2 49. b4 Nh3 50. Re8 Rf2+ 51. Ke1 Nf4 0-1

[Event "World Rapid 2022"]
[Site "Almaty KAZ"]
[Date "2022.12.27"]
[Round "8.27"]
[White "Brunello, Sabino"]
[Black "Tsydypov, Zhamsaran"]
[Result "0-1"]
[WhiteTitle "GM"]
[BlackTitle "GM"]
[WhiteElo "2519"]
[BlackElo "2534"]
[WhiteFideId "813613"]
[BlackFideId "4108566"]
[EventDate "2022.12.26"]

1. d4 Nf6 2. c4 g6 3. Nc3 Bg7 4. e4 d6 5. Be2 O-O 6. Nf3 e5 7. O-O Nc6 8. d5 Ne7
9. b4 Nh5 10. Re1 f5 11. Ng5 Nf4 12. Bxf4 exf4 13. Qd2 fxe4 14. Ngxe4 h6 15.
Rac1 Be5 16. c5 a6 17. Bc4 Nf5 18. Qd3 Nh4 19. Kh1 f3 20. g3 Qd7 21. Rg1 Qh3 22.
Nd2 Rf5 23. Qf1 Qg2+ 24. Rxg2 fxg2+ 25. Qxg2 Nxg2 26. Kxg2 g5 27. f3 Rf7 28. h3
Bf5 29. Nce4 Bg6 30. a4 Raf8 31. Be2 Kg7 32. a5 Re7 33. c6 bxc6 34. Rxc6 Rb8 35.
Bxa6 Rxb4 36. Rc2 Bd4 37. Bc4 Be3 38. Bd3 Rd4 39. Bf1 Bxd2 40. Rxd2 Rexe4 0-1

[Event "World Rapid 2022"]
[Site "Almaty KAZ"]
[Date "2022.12.27"]
[Round "8.28"]
[White "Jobava, Baadur"]
[Black "Puranik, Abhimanyu"]
[Result "0-1"]
[WhiteTitle "GM"]
[BlackTitle "GM"]
[WhiteElo "2578"]
[BlackElo "2616"]
[WhiteFideId "13601520"]
[BlackFideId "5061245"]
[EventDate "2022.12.26"]

1. e4 c5 2. c3 d5 3. exd5 Qxd5 4. d4 Nf6 5. Nf3 e6 6. Na3 Nc6 7. Be3 cxd4 8. Nb5
Qd7 9. Nbxd4 a6 10. Bd3 Be7 11. Qe2 b5 12. O-O-O Bb7 13. Kb1 Nd5 14. Be4 Na5 15.
Bg5 Bxg5 16. Nxg5 Qe7 17. h4 h6 18. Ngf3 O-O-O 19. g3 Nc4 20. Rhe1 Kb8 21. Bd3
Rc8 22. Ne5 Nxb2 23. Kxb2 Nxc3 24. Nec6+ Bxc6 25. Qe5+ Kb7 26. Kxc3 Qa3+ 27. Kd2
Rhd8 28. Ke3 f6 29. Qh5 Bg2 30. Nxe6 Re8 31. Qg4 Rc6 32. f3 Rcxe6+ 0-1

[Event "World Rapid 2022"]
[Site "Almaty KAZ"]
[Date "2022.12.27"]
[Round "8.30"]
[White "Adhiban, Baskaran"]
[Black "Ganguly, Surya Shekhar"]
[Result "0-1"]
[WhiteTitle "GM"]
[BlackTitle "GM"]
[WhiteElo "2611"]
[BlackElo "2582"]
[WhiteFideId "5018471"]
[BlackFideId "5002150"]
[EventDate "2022.12.26"]

1. b3 Nf6 2. Bb2 g6 3. Nf3 Bg7 4. g3 c5 5. c4 d6 6. d4 Ne4 7. Nfd2 Qa5 8. e3
cxd4 9. Bxd4 Bxd4 10. exd4 Nc6 11. Bg2 Nxd2 12. Bxc6+ bxc6 13. Qxd2 Qh5 14. Nc3
O-O 15. h4 Qf3 16. Rg1 e5 17. Qe3 Bg4 18. Qxf3 Bxf3 19. dxe5 dxe5 20. Kd2 f5 21.
Ke3 Bh5 22. f4 e4 23. Na4 Rad8 24. Nc5 Rd6 25. Rg2 Rfd8 26. Rc1 Kg7 27. b4 Kh6
28. Rcc2 Rd3+ 29. Nxd3 Rxd3+ 30. Kf2 e3+ 31. Kg1 Rd1+ 32. Kh2 Bf3 33. Kh3 Bxg2+ 0-1

[Event "World Rapid 2022"]
[Site "Almaty KAZ"]
[Date "2022.12.27"]
[Round "8.31"]
[White "Harikrishna, Pentala"]
[Black "Tabatabaei, M. Amin"]
[Result "0-1"]
[WhiteTitle "GM"]
[BlackTitle "GM"]
[WhiteElo "2705"]
[BlackElo "2660"]
[WhiteFideId "5007003"]
[BlackFideId "12521213"]
[EventDate "2022.12.26"]

1. Nf3 d5 2. g3 Nc6 3. d4 Bf5 4. Bg2 e6 5. O-O Nb4 6. Ne1 Be7 7. c3 Nc6 8. Nf3
Nf6 9. Bg5 Nd7 10. Bxe7 Nxe7 11. Qb3 Rb8 12. c4 c6 13. Nbd2 O-O 14. Rfe1 Nf6 15.
Ne5 Ng6 16. Nxg6 Bxg6 17. Rac1 Qa5 18. Qc3 Qxc3 19. Rxc3 Rfd8 20. e3 h6 21. Ra3
a6 22. Rc1 Bf5 23. c5 Re8 24. Nb3 e5 25. dxe5 Rxe5 26. Nd4 Bc8 27. Rxa6 bxa6 28.
Nxc6 Nd7 29. Nxb8 Nxb8 30. c6 Kf8 31. b4 Ke7 32. a4 Kd6 33. b5 Kc7 34. Bf1 Re4
35. Rb1 Rxa4 36. b6+ Kxc6 37. Rc1+ Kxb6 38. Rxc8 Nc6 39. Rf8 f6 40. Rg8 a5 41.
Bh3 Ra1+ 42. Kg2 a4 43. Be6 Kc5 44. Rxg7 a3 45. e4 a2 46. Bxd5 Rg1+ 47. Kxg1
a1=Q+ 48. Kg2 Ne5 49. Rc7+ Kd6 50. Rc2 Qd1 51. Ra2 Qf3+ 52. Kg1 h5 53. h4 Nd3
54. Rd2 Kc5 55. Rc2+ 0-1

[Event "World Rapid 2022"]
[Site "Almaty KAZ"]
[Date "2022.12.27"]
[Round "8.32"]
[White "Nguyen, Thai Dai Van"]
[Black "Salem, A.R. Saleh"]
[Result "1/2-1/2"]
[WhiteTitle "GM"]
[BlackTitle "GM"]
[WhiteElo "2656"]
[BlackElo "2677"]
[WhiteFideId "358878"]
[BlackFideId "9301348"]
[EventDate "2022.12.26"]

1. Nf3 Nf6 2. c4 g6 3. Nc3 Bg7 4. e4 d6 5. d4 O-O 6. Be2 e5 7. O-O Bg4 8. d5 a5
9. Ne1 Bd7 10. Nd3 Na6 11. a3 a4 12. f3 b6 13. Nxa4 Nh5 14. Nc3 Nc5 15. Nxc5
bxc5 16. Be3 Nf4 17. Kh1 f5 18. Qd2 Nxe2 19. Qxe2 f4 20. Bg1 Qb8 21. Nb5 g5 22.
Rfb1 g4 23. b4 cxb4 24. Rxb4 Qd8 25. fxg4 Qc8 26. h3 h5 27. gxh5 f3 28. gxf3
Bxb5 29. cxb5 Qxh3+ 30. Bh2 Rxf3 31. Rg1 Raxa3 32. b6 cxb6 33. Rxb6 Rae3 34. Qg2
Qxg2+ 35. Rxg2 Rxe4 36. Rxd6 Rh4 37. Rd8+ Rf8 38. Rxf8+ Kxf8 39. Rg5 Bf6 40. Rf5
Ke7 41. Kg2 Re4 42. Bg3 Re2+ 43. Kf3 Rd2 44. Bxe5 Bxe5 45. Rxe5+ Kf6 46. Re6+
Kf5 47. Rd6 Rd3+ 48. Kg2 Rd2+ 49. Kg3 Rd3+ 50. Kg2 Rd2+ 51. Kf3 Rd3+ 52. Kf2 Ke5
53. Rd8 Rh3 54. Rh8 Kxd5 55. Kg2 Rh4 56. Kg3 Rh1 57. Kg2 Rh4 58. Kg3 Rh1 59. Kg4
Ke6 60. Rf8 Ke7 61. Rf3 Rg1+ 62. Kh4 Rh1+ 63. Kg5 Rg1+ 64. Kh6 Rg2 65. Kh7 Rg5
66. h6 Rg1 67. Rf2 Rg3 68. Rf1 Rg2 69. Rf4 Rg1 70. Rf3 Rg2 71. Ra3 Kf7 72. Ra7+
Kf8 73. Rg7 Rh2 74. Rg5 Kf7 75. Rf5+ Ke7 76. Rg5 Kf7 77. Rg1 Rh3 78. Rf1+ Ke7
79. Kg6 Rg3+ 80. Kh5 Rh3+ 81. Kg5 Rh2 1/2-1/2

[Event "World Rapid 2022"]
[Site "Almaty KAZ"]
[Date "2022.12.27"]
[Round "8.33"]
[White "Idani, Pouya"]
[Black "Svane, Rasmus"]
[Result "0-1"]
[WhiteTitle "GM"]
[BlackTitle "GM"]
[WhiteElo "2637"]
[BlackElo "2622"]
[WhiteFideId "12510130"]
[BlackFideId "4657101"]
[EventDate "2022.12.26"]

1. e4 e5 2. Nf3 Nc6 3. Bb5 a6 4. Ba4 Nf6 5. O-O Be7 6. Re1 b5 7. Bb3 O-O 8. d3
d6 9. Bd2 Bg4 10. c3 Na5 11. Bc2 c5 12. h3 Bh5 13. Bc1 Qc7 14. Nbd2 Rad8 15. Nf1
Rfe8 16. Ng3 Bg6 17. Nh4 d5 18. Nxg6 hxg6 19. Qe2 d4 20. cxd4 Rxd4 21. a4 Nc6
22. axb5 axb5 23. Be3 Rd7 24. Nf1 Red8 25. Bb1 Nh7 26. Rc1 Nf8 27. Nd2 Ne6 28.
Nf3 Ned4 29. Bxd4 Nxd4 30. Nxd4 Rxd4 31. Ba2 c4 32. dxc4 Rd2 33. Qg4 b4 34. c5
Bxc5 35. Qxg6 Rxf2 36. Kh1 Qb6 37. Qg5 Be3 38. Rc6 Qd4 39. Qh4 Qd1+ 40. Rxd1
Rxd1+ 41. Kh2 Bf4+ 42. Qxf4 exf4 0-1

[Event "World Rapid 2022"]
[Site "Almaty KAZ"]
[Date "2022.12.27"]
[Round "8.34"]
[White "Tin, Jingyao"]
[Black "Moussard, Jules"]
[Result "1-0"]
[WhiteTitle "GM"]
[BlackTitle "GM"]
[WhiteElo "2562"]
[BlackElo "2684"]
[WhiteFideId "5804418"]
[BlackFideId "642908"]
[EventDate "2022.12.26"]

1. d4 Nf6 2. c4 e6 3. Nf3 d5 4. Nc3 Nbd7 5. Bg5 h6 6. Bh4 Be7 7. e3 a6 8. cxd5
exd5 9. Be2 c6 10. O-O O-O 11. Qc2 a5 12. Rac1 Ne4 13. Bxe7 Qxe7 14. Nxe4 dxe4
15. Nd2 Nf6 16. Qc5 Qd8 17. a3 Be6 18. Nc4 Bd5 19. h3 Nd7 20. Qd6 Re8 21. Bg4
Be6 22. Qf4 Bxc4 23. Rxc4 Nb6 24. Rc5 Nd5 25. Qg3 Qb6 26. Rb1 Rad8 27. b4 axb4
28. axb4 Qa6 29. b5 Qa2 30. Rbc1 Nb4 31. bxc6 bxc6 32. R1c4 Qb1+ 33. Kh2 Ra8 34.
Bd7 Red8 35. Bxc6 Nxc6 36. Rxc6 Ra1 37. Qh4 Qb8+ 38. Rc7 Rf8 39. Qxe4 Ra6 40.
Qb7 Qxb7 41. Rxb7 Rf6 42. Rc2 Rd8 43. g4 Rd5 44. Kg2 g6 45. Rbc7 Ra5 46. R7c6
Kg7 47. Rxf6 Kxf6 48. Rc6+ Ke7 49. h4 h5 50. g5 Ra4 51. Rb6 Rc4 52. Kg3 Rc3 53.
Kf4 Rc2 54. f3 Rh2 55. Kg3 Rd2 56. Rb4 Rd1 57. e4 Rg1+ 58. Kh2 Rf1 59. Kg2 Rd1
60. Rb7+ Ke8 61. d5 Kf8 62. Kg3 Rh1 63. Kf4 Rxh4+ 64. Ke5 Rh3 65. f4 Ra3 66. d6
Rd3 67. f5 gxf5 68. exf5 h4 69. g6 fxg6 70. fxg6 h3 71. Rh7 Kg8 72. Ke6 Rg3 73.
Ke7 Re3+ 74. Kd8 Rc3 75. d7 Kf8 76. Rf7+ Kg8 77. Ke8 Re3+ 78. Re7 1-0

[Event "World Rapid 2022"]
[Site "Almaty KAZ"]
[Date "2022.12.27"]
[Round "8.35"]
[White "Andriasian, Zaven"]
[Black "Kovalev, Vladislav"]
[Result "1/2-1/2"]
[WhiteTitle "GM"]
[BlackTitle "GM"]
[WhiteElo "2580"]
[BlackElo "2623"]
[WhiteFideId "13302000"]
[BlackFideId "13504398"]
[EventDate "2022.12.26"]

1. e4 e5 2. Nf3 Nc6 3. Bc4 Bc5 4. d3 Nf6 5. Nbd2 d6 6. c3 a6 7. Bb3 h6 8. h3 Ba7
9. Nf1 Ne7 10. Ng3 Ng6 11. d4 O-O 12. O-O b5 13. Re1 c5 14. Be3 Bb7 15. Bc2 Re8
16. d5 c4 17. Bxa7 Rxa7 18. a4 Qb6 1/2-1/2

[Event "World Rapid 2022"]
[Site "Almaty KAZ"]
[Date "2022.12.27"]
[Round "8.36"]
[White "Zhigalko, Sergei"]
[Black "Suleymanli, Aydin"]
[Result "1/2-1/2"]
[WhiteTitle "GM"]
[BlackTitle "GM"]
[WhiteElo "2572"]
[BlackElo "2543"]
[WhiteFideId "13502956"]
[BlackFideId "13413937"]
[EventDate "2022.12.26"]

1. e4 e5 2. Nf3 Nc6 3. Bb5 a6 4. Ba4 Nf6 5. O-O Be7 6. Re1 b5 7. Bb3 O-O 8. a4
b4 9. d3 d5 10. exd5 Nxd5 11. Nxe5 Nd4 12. Bc4 Bb7 13. c3 Nc6 14. Nxc6 Bxc6 15.
d4 Bf6 16. Bf1 bxc3 17. bxc3 Qd7 18. a5 Rfe8 19. Rxe8+ Rxe8 20. Bd2 Qf5 21. Na3
Nf4 22. Bxf4 Qxf4 23. Nc4 Bd5 24. Ne3 Rxe3 25. fxe3 Qxe3+ 26. Kh1 Qxc3 27. Qe1
Qc6 28. Rc1 Qa8 29. Rxc7 g6 30. Qb4 Kg7 31. Qd6 h5 32. Qd7 Qb8 33. Rc1 Qf4 34.
Rd1 Bf3 35. Re1 Qd2 36. Qe8 Bc6 37. Qe2 Qxa5 38. Rd1 Bb7 39. d5 Bc8 40. d6 Bg4
41. Qd2 Bc3 42. Qd3 Bxd1 43. Qxd1 Qb6 44. Qd3 Bf6 45. Qxa6 Qf2 46. Qe2 Qd4 47.
Qd3 1/2-1/2

[Event "World Rapid 2022"]
[Site "Almaty KAZ"]
[Date "2022.12.27"]
[Round "8.37"]
[White "Suleymenov, Alisher"]
[Black "Najer, Evgeniy"]
[Result "1-0"]
[WhiteTitle "IM"]
[BlackTitle "GM"]
[WhiteElo "2476"]
[BlackElo "2662"]
[WhiteFideId "13707833"]
[BlackFideId "4118987"]
[EventDate "2022.12.26"]

1. d4 Nf6 2. c4 e6 3. Nf3 d5 4. Nc3 c6 5. e3 Nbd7 6. Be2 Bd6 7. O-O O-O 8. b3
Ne4 9. Bb2 f5 10. Bd3 Rf6 11. Ne2 Rh6 12. Ng3 Ndf6 13. Ne5 Bxe5 14. dxe5 Nxg3
15. hxg3 Ng4 16. Be2 Qg5 17. Bxg4 fxg4 18. f4 Qf5 19. Re1 Qe4 20. Qxg4 Rg6 21.
Qf3 Qxf3 22. gxf3 Rxg3+ 23. Kf2 Rh3 24. Kg2 Rh6 25. e4 Bd7 26. Rad1 Rf8 27. Bc1
Rg6+ 28. Kf2 Rh6 29. f5 Rh2+ 30. Kg3 Rxa2 31. Bf4 d4 32. Rxd4 Bc8 33. f6 gxf6
34. exf6 Kf7 35. Be5 a5 36. Kf4 Rh2 37. Rg1 Rh4+ 38. Ke3 1-0

[Event "World Rapid 2022"]
[Site "Almaty KAZ"]
[Date "2022.12.27"]
[Round "8.38"]
[White "Sjugirov, Sanan"]
[Black "Yilmaz, Mustafa"]
[Result "1-0"]
[WhiteTitle "GM"]
[BlackTitle "GM"]
[WhiteElo "2712"]
[BlackElo "2617"]
[WhiteFideId "4189302"]
[BlackFideId "6302718"]
[EventDate "2022.12.26"]

1. d4 Nf6 2. c4 e6 3. Nf3 d5 4. Nc3 Bb4 5. Bg5 h6 6. Bxf6 Qxf6 7. e3 O-O 8. cxd5
exd5 9. Bd3 c6 10. O-O Bg4 11. h3 Bxf3 12. Qxf3 Nd7 13. a3 Bd6 14. Rfc1 a5 15.
Qd1 Qe7 16. Rab1 Rfe8 17. Na4 g6 18. Qc2 Kg7 19. Ra1 h5 20. Rcb1 Bc7 21. Be2 Qd6
22. Bf3 Nf6 23. Kf1 Nh7 24. Nc5 Rab8 25. b4 axb4 26. Rxb4 Qh2 27. Ke2 Bd6 28.
Rab1 b5 29. a4 bxa4 30. Rxb8 Rxb8 31. Rxb8 Bxb8 32. Qxa4 Qd6 33. Na6 Nf6 34. Qb4
Bc7 35. Qxd6 Bxd6 36. Kf1 Kf8 37. Bd1 Ke7 38. Ba4 Kd7 39. f3 Ng8 40. e4 Ne7 41.
Ke2 Kc8 42. Kd3 Kb7 43. Nc5+ Kc7 44. Bb3 f6 45. f4 dxe4+ 46. Kxe4 f5+ 47. Kf3
Nd5 48. Nd3 h4 49. Bxd5 cxd5 50. Ne5 Bxe5 51. fxe5 g5 52. g3 hxg3 53. Kxg3 Kd7
54. h4 1-0

[Event "World Rapid 2022"]
[Site "Almaty KAZ"]
[Date "2022.12.27"]
[Round "8.39"]
[White "Martirosyan, Haik M."]
[Black "Nogerbek, Kazybek"]
[Result "1-0"]
[WhiteTitle "GM"]
[BlackTitle "IM"]
[WhiteElo "2682"]
[BlackElo "2468"]
[WhiteFideId "13306553"]
[BlackFideId "13710427"]
[EventDate "2022.12.26"]

1. d4 Nf6 2. c4 e6 3. Nf3 d5 4. Nc3 Be7 5. Bf4 O-O 6. e3 c5 7. dxc5 Bxc5 8. Qc2
Nc6 9. a3 Qa5 10. Rd1 Re8 11. Nd2 e5 12. Bg5 Nd4 13. Qb1 Bf5 14. Bd3 Bxd3 15.
Qxd3 Ne4 16. Nxd5 Nxg5 17. b4 Qd8 18. bxc5 Nde6 19. h4 Nxc5 20. Qf5 Nge6 21. Nf3
Qa5+ 22. Ke2 f6 23. h5 e4 24. Nd2 h6 25. Nxe4 Qxa3 26. Nexf6+ gxf6 27. Nxf6+ Kf8
28. Ng4+ Kg7 29. Qf6+ Kh7 30. Qxh6+ Kg8 31. Qg6+ Kh8 32. Qf6+ Kh7 33. Qh6+ Kg8
34. Nf6+ Kf7 35. Qg6+ Ke7 36. Nxe8 Rxe8 37. Qh7+ Kf8 38. Rh4 Qb2+ 39. Rd2 Qg7
40. Qf5+ Qf7 41. Qe5 Nb3 42. Qd6+ Qe7 43. Qxe7+ Kxe7 44. Rd5 Nbc5 45. f4 b6 46.
g4 Kf7 47. Kf3 a5 48. g5 a4 49. Rd2 Ng7 50. Rh1 Nf5 51. Re1 a3 52. e4 Kg8 53.
Ree2 Ne7 54. Re3 Ra8 55. Ra2 Nc6 56. Rexa3 Na5 57. Rb2 Re8 58. Rxb6 Nxc4 59.
Rg6+ Kh8 60. Ra7 Nxe4 61. Rgg7 Ned2+ 62. Kg3 Nd6 63. Kg4 N6c4 64. Rh7+ Kg8 65.
Rag7+ Kf8 66. h6 Ne3+ 1-0

[Event "World Rapid 2022"]
[Site "Almaty KAZ"]
[Date "2022.12.27"]
[Round "8.40"]
[White "Sankalp, Gupta"]
[Black "Amin, Bassem"]
[Result "0-1"]
[WhiteTitle "GM"]
[BlackTitle "GM"]
[WhiteElo "2485"]
[BlackElo "2682"]
[WhiteFideId "5097010"]
[BlackFideId "10601457"]
[EventDate "2022.12.26"]

1. e4 e5 2. Nf3 Nc6 3. d4 exd4 4. Nxd4 Nf6 5. Nxc6 bxc6 6. Nd2 Bc5 7. Nb3 Bb6 8.
e5 Qe7 9. Qe2 Nd5 10. c4 Ba6 11. Qe4 f5 12. Qe2 O-O 13. f4 d6 14. Bd2 dxe5 15.
fxe5 f4 16. Qe4 Ne3 17. Bd3 Qh4+ 18. g3 Qh5 19. c5 Bxd3 20. Qxd3 Qf3 21. Bxe3
Qxh1+ 22. Ke2 f3+ 23. Kd2 Ba5+ 24. Kc2 Qg2+ 25. Bd2 Bxd2 26. Nxd2 Rad8 27. Qc4+
Kh8 28. Rd1 Rxd2+ 29. Rxd2 f2 0-1

[Event "World Rapid 2022"]
[Site "Almaty KAZ"]
[Date "2022.12.27"]
[Round "8.41"]
[White "Rakhmanov, Aleksandr"]
[Black "Yoo, Christopher Woojin"]
[Result "1/2-1/2"]
[WhiteTitle "GM"]
[BlackTitle "GM"]
[WhiteElo "2630"]
[BlackElo "2575"]
[WhiteFideId "4173708"]
[BlackFideId "30909694"]
[EventDate "2022.12.26"]

1. d4 d5 2. c4 e6 3. Nc3 c6 4. e4 dxe4 5. Nxe4 Bb4+ 6. Nc3 e5 7. Be3 exd4 8.
Qxd4 Qxd4 9. Bxd4 Nf6 10. Ne2 Bf5 11. Ng3 Be6 12. a3 Be7 13. O-O-O Nbd7 14. f4
Nb6 15. c5 Nbd7 16. b4 b6 17. f5 Bd5 18. Nxd5 Nxd5 19. Bxg7 Rg8 20. Bb2 bxc5 21.
Ba6 cxb4 22. Rhe1 Kf8 23. axb4 Bxb4 24. Re2 Rg4 25. Rd4 Rxd4 26. Bxd4 Ba3+ 27.
Kd1 Bc5 28. Bb2 Nb4 29. Bc4 Nb6 30. Bb3 Rd8+ 31. Rd2 N6d5 32. Ke2 Nf4+ 33. Kd1
Nbd3 34. Bf6 Re8 35. Kc2 Nb4+ 36. Kd1 Nbd5 37. Bb2 Bb4 38. Bxd5 cxd5 39. Rd4 Bd6
40. Bc1 Nxg2 41. Bh6+ Ke7 42. Rxd5 Bf4 43. Bxf4 Nxf4 44. Ra5 Rd8+ 45. Ke1 Rd7
46. Kf2 Nd5 47. Kf3 Nb4 48. Ne4 f6 49. Kg4 a6 50. Rc5 Nd3 51. Ra5 Rd4 52. Kf3
Nb4 53. Rc5 Rd3+ 54. Kg4 Nd5 55. Rc6 a5 56. Re6+ Kf7 57. Ra6 Rd4 58. Ra7+ Ne7
59. Kf4 Rd5 60. Ng3 h5 61. Nxh5 Rxf5+ 62. Kg4 Rg5+ 63. Kh4 Kg6 64. Nf4+ Kf5 65.
Rxe7 Kxf4 66. Re6 Rg4+ 67. Kh5 Rg5+ 68. Kh6 Rg2 69. h4 Rh2 70. h5 f5 71. Kg6 Kg4
72. h6 f4 73. Ra6 Rh5 74. h7 f3 75. Rxa5 Rxa5 76. h8=Q Rg5+ 77. Kf6 Rf5+ 78. Ke6
f2 79. Qg7+ Kf3 1/2-1/2

[Event "World Rapid 2022"]
[Site "Almaty KAZ"]
[Date "2022.12.27"]
[Round "8.42"]
[White "Durarbayli, Vasif"]
[Black "Sindarov, Javokhir"]
[Result "0-1"]
[WhiteTitle "GM"]
[BlackTitle "GM"]
[WhiteElo "2612"]
[BlackElo "2654"]
[WhiteFideId "13402935"]
[BlackFideId "14205483"]
[EventDate "2022.12.26"]

1. e4 c5 2. Nf3 g6 3. c3 d5 4. e5 a6 5. h3 Nc6 6. d4 Bg7 7. Be3 f6 8. exf6 Nxf6
9. Bd3 O-O 10. O-O Nh5 11. dxc5 e5 12. Bc2 Nf4 13. Bb3 Be6 14. Nbd2 Kh8 15. c4
e4 16. Nh2 Nxg2 17. Kxg2 Qh4 18. cxd5 Bxh3+ 19. Kh1 Ne5 20. Rg1 Nd3 21. f4 Rxf4
22. Nxe4 Bf5 23. Nd6 Nf2+ 24. Bxf2 Rxf2 25. Rg2 Rxg2 26. Kxg2 Bh3+ 27. Kh1 Rf8
28. Qe2 Bd4 29. Qe4 Rf4 30. Qe8+ Kg7 31. Re1 Bg2+ 0-1

[Event "World Rapid 2022"]
[Site "Almaty KAZ"]
[Date "2022.12.27"]
[Round "8.43"]
[White "Dardha, Daniel"]
[Black "Aravindh, Chithambaram VR."]
[Result "1/2-1/2"]
[WhiteTitle "GM"]
[BlackTitle "GM"]
[WhiteElo "2606"]
[BlackElo "2607"]
[WhiteFideId "240990"]
[BlackFideId "5072786"]
[EventDate "2022.12.26"]

1. c4 Nc6 2. d4 d5 3. Nc3 Nf6 4. Bg5 Ne4 5. Bh4 f6 6. e3 e5 7. dxe5 Bb4 8. Ne2
Nxe5 9. cxd5 Bg4 10. Qd4 Nxc3 11. Nxc3 c5 12. Qxe5+ fxe5 13. Bxd8 Rxd8 14. Be2
Bxe2 15. Kxe2 Bxc3 16. bxc3 Rxd5 17. a4 Kd7 18. Rhd1 Kc6 19. c4 Rdd8 20. Rdb1
Rd6 21. Rb2 Rhd8 22. Rab1 R8d7 23. h4 e4 24. f3 h5 25. Rf1 Rd3 26. Rc2 Ra3 27.
fxe4 Re7 28. Rf4 Rxa4 29. g4 hxg4 30. Rxg4 a5 31. Rg6+ Kc7 32. e5 Rb4 33. Kd3 a4
34. Ke4 a3 35. Rcg2 b5 36. Rxg7 Rxg7 37. Rxg7+ Kd8 38. Kd5 Ra4 39. cxb5 a2 40.
Kd6 Ke8 41. e6 Kf8 42. Rf7+ Kg8 43. Rf1 a1=Q 44. Rxa1 Rxa1 45. Kxc5 Kf8 46. b6
Ke7 47. b7 Rb1 48. Kc6 Rc1+ 49. Kb6 Rb1+ 1/2-1/2

[Event "World Rapid 2022"]
[Site "Almaty KAZ"]
[Date "2022.12.27"]
[Round "8.44"]
[White "Ivic, Velimir"]
[Black "Harsha, Bharathakoti"]
[Result "1-0"]
[WhiteTitle "GM"]
[BlackTitle "GM"]
[WhiteElo "2572"]
[BlackElo "2593"]
[WhiteFideId "950122"]
[BlackFideId "5078776"]
[EventDate "2022.12.26"]

1. d4 d5 2. c4 e6 3. Nc3 c6 4. Nf3 dxc4 5. e4 b5 6. Be2 Nf6 7. O-O Bb7 8. Qc2
Be7 9. b3 b4 10. Na4 c3 11. Nc5 Bxc5 12. dxc5 Nbd7 13. a3 a5 14. Bf4 Nxc5 15.
Rfd1 Qc8 16. Rd4 O-O 17. Bd6 Ncxe4 18. Rxe4 Nxe4 19. Bxf8 c5 20. Be7 Bd5 21. a4
f6 22. Bd3 Qb7 23. Re1 Nd2 24. Bxh7+ Kh8 25. Nh4 f5 26. Bxf5 exf5 27. Qxf5 Be4
28. Ng6+ Kg8 29. Qe6+ Kh7 30. Re3 Bxg2 31. Ne5 Ra6 32. Qf5+ Kg8 33. Qf7+ Kh7 34.
Rg3 1-0

[Event "World Rapid 2022"]
[Site "Almaty KAZ"]
[Date "2022.12.27"]
[Round "8.45"]
[White "Moiseenko, Alexander"]
[Black "Nesterov, Arseniy"]
[Result "1/2-1/2"]
[WhiteTitle "GM"]
[BlackTitle "GM"]
[WhiteElo "2577"]
[BlackElo "2573"]
[WhiteFideId "14102560"]
[BlackFideId "24198455"]
[EventDate "2022.12.26"]

1. d4 d5 2. c4 e6 3. Nc3 Nf6 4. Nf3 Be7 5. Bg5 h6 6. Bh4 O-O 7. e3 b6 8. Bd3 Bb7
9. O-O Nbd7 10. Bg3 a6 11. cxd5 exd5 12. Qe2 c5 13. dxc5 bxc5 14. Rfd1 Re8 15.
Qc2 Bf8 16. Be2 Qb6 17. h3 Rac8 18. Qb3 Qxb3 19. axb3 Re6 20. Ra2 Rb6 21. Nd2 d4
22. Na4 Rb4 23. Nc4 Rxb3 24. exd4 cxd4 25. Na5 Bd5 26. Nxb3 Bxb3 27. Raa1 Bxd1
28. Rxd1 Ne4 29. Bxa6 Ra8 30. Bb7 Rxa4 31. Bxe4 Rb4 32. Kf1 Nc5 33. Bd5 Na4 34.
Be5 Bc5 35. Ra1 Nb6 36. Be4 Rxb2 37. Rc1 Na4 38. Bxd4 Rb4 39. Bxc5 Rxe4 1/2-1/2

[Event "World Rapid 2022"]
[Site "Almaty KAZ"]
[Date "2022.12.27"]
[Round "8.46"]
[White "Ponkratov, Pavel"]
[Black "Bilguun, Sumiya"]
[Result "1/2-1/2"]
[WhiteTitle "GM"]
[BlackTitle "GM"]
[WhiteElo "2577"]
[BlackElo "2474"]
[WhiteFideId "4157800"]
[BlackFideId "4901541"]
[EventDate "2022.12.26"]

1. e4 c5 2. Nf3 d6 3. d4 cxd4 4. Nxd4 Nf6 5. Bb5+ Bd7 6. c4 g6 7. Nc3 Bg7 8. O-O
O-O 9. h3 Nc6 10. Bxc6 bxc6 11. c5 dxc5 12. Nb3 c4 13. Nc5 Rb8 14. Qa4 Qc8 15.
Qxc4 Bxh3 16. gxh3 Qxh3 17. Qd3 Qh5 18. Nb3 Ng4 19. Qg3 f5 20. f3 Ne5 21. Bf4
fxe4 22. fxe4 Rbd8 23. Nc5 Rd6 24. Kg2 g5 25. Rh1 Qf7 26. Be3 Nf3 27. Raf1 g4
28. Rd1 Be5 29. Qf2 Rxd1 30. Nxd1 e6 31. Nd3 Qg6 32. Nc5 h5 33. Nd7 Rf7 34. Nxe5
Nxe5 35. Qc2 Qf6 36. Qe2 h4 37. Nf2 h3+ 38. Nxh3 gxh3+ 39. Rxh3 Rg7+ 40. Rg3
Rxg3+ 41. Kxg3 Qg6+ 42. Kf4 Qf6+ 43. Kg3 Qg6+ 44. Kf4 Qf6+ 1/2-1/2